• 首页
  • 本馆介绍
  • 公告通知
  • 最新文献
  • 馆藏检索
  • 电子资源
  • 读者导购
  • 参考咨询
  • 我的图书馆
  • 登录
  • 详细信息显示
  • 放入我的书架
  • 预约/预借图书
  • 作者相关作品
  • 分类相关作品
  • 丛书相关作品
  • 出版社相关作品

书目信息

  • 表格格式
  • 工作单格式
  • 卡片格式
题名:
小学数学课外活动指导
    
 
作者: 周淑芬 , 赵国宏 , 赵启泰 主编
分册:  
出版信息: 长春   东北师范大学出版社  1999
页数: 208页
开本: 20cm
丛书名: 全国中小学教师继续教育教材
单 册:
中图分类: G6 , G623.502
科图分类:
主题词: 数学课--小学--课外活动 , 数学课--小学--教学法 , 小学 , 教学法
电子资源:
ISBN: 7-5602-2342-7
000 00892oam2 2200301 450
001 1566967799
005 20150131183746.37
010    @a7-5602-2342-7@dCNY7.80
100    @a20120227d1999 em y0chiy0110 ea
101 0  @achi
102    @aCN@b220000
105    @aak z 000yy
200 1  @a小学数学课外活动指导@AXiao Xue Shu Xue Ke Wai Huo Dong Zhi Dao@f赵启泰,周淑芬,赵国宏主编
210    @a长春@c东北师范大学出版社@d1999
215    @a208页@c插图@d20cm
225 2  @a全国中小学教师继续教育教材
461  0 @12001 @a全国中小学教师继续教育教材
606 0  @a数学课@x小学@x课外活动
606 0  @a数学课@x小学@x教学法
606 0  @a小学
606 0  @a教学法
690    @aG6@v4
690    @aG623.502@v4
701  0 @a周淑芬@AZhou Shu Fen@4主编
701  0 @a赵国宏@AZhao Guo Hong@4主编
701  0 @a赵启泰@AAZhao Qi Tai@4主编
801  0 @aCN@bNLC@c20120127
905    @aZUCC@dG6@eJY165
    
    小学数学课外活动指导/赵启泰,周淑芬,赵国宏主编.-长春:东北师范大学出版社,1999
    208页:插图;20cm.-(全国中小学教师继续教育教材)
    
    
    ISBN 7-5602-2342-7:CNY7.80
    
●
相关链接 在E读中查询图书 在五车中查询图书 在当当中查询图书 在豆瓣中查询图书


正题名:小学数学课外活动指导     索取号:G6/JY165         预约/预借

序号 登录号 条形码 馆藏地/架位号 状态 备注
1 7848007   278480074   学院路分馆/ [索取号:G6/JY165] 在馆    
2 7848008   278480083   学院路分馆/ [索取号:G6/JY165] 在馆    
唐山师范学院图书馆 欢迎您!
大连网信软件有限公司© 版权所有